Иноагенты - Statistics

General Stats
  • This quiz has been taken 15 540 times
    15 522 since last reset
  • The average score is 3 of 50
Answers on the Grid
Answers color-coded by a green-red scale on the quiz's grid according to % correct below.
Face
Илья Лагутенко
Noize MC
Oxxxymiron
Александр Гудков
Александр Долгополов
Александр Невзоров
Алексей Венедиктов
Алексей Навальный
Алексей Пивоваров
Алла Пугачёва
Андрей Макаревич
Иван Дорн
Ася Казанцева
Борис Акунин
Борис Гребенщиков
Борис Надеждин
Валерий Меладзе
Виктор Шендерович
Владимир Кара-Мурза
Владимир Познер
Гарри Каспаров
Гречка
Данила Поперечный
Даня Милохин
Денис Чужой
Дмитрий Быков
Дмитрий Гордон
Дмитрий Муратов
Дмитрий Назаров
Дора
Евгений Понасенков
Евгений Пригожин
Евгений Ройзман
Евгений Чичваркин
Екатерина Дунцова
Екатерина Шульман
Иван Ургант
Игорь Стрелков
Идрак Мирзализаде
Илья Бер
Илья Варламов
Илья Новиков
Илья Прусикин
Илья Яшин
Ирина Шихман
Кирилл Набутов
Ксения Собчак
Лёва Би-2
Леонид Парфенов
Лия Ахеджакова
Любовь Соболь
Майкл Наки
Макс Покровский
Максим Галкин
Максим Кац
Михаил Касьянов
Михаил Светов
Михаил Ходорковский
Михаил Шац
Монеточка
Моргенштерн
Настя Ивлеева
Николай Соболев
Василий Уткин
Анатолий Чубайс
Чулпан Хаматова
Олег Тиньков
Ровшан Аскеров
Руслан Белый
Саша Скочиленко
Семен Слепаков
Татьяна Лазарева
Христо Грозев
Шура Би-2
Юлия Латынина
Юлия Навальная
Юрий Дудь
Юрий Шевчук
Верка Сердючка
 
Answer Stats
Answer % Correct
Face
23%
Монеточка
21%
Моргенштерн
21%
Noize MC
20%
Oxxxymiron
20%
Юрий Дудь
19%
Олег Тиньков
13%
Максим Галкин
12%
Максим Кац
12%
Лёва Би-2
11%
Дмитрий Гордон
8%
Данила Поперечный
7%
Илья Варламов
7%
Илья Яшин
7%
Екатерина Шульман
6%
Михаил Ходорковский
6%
Руслан Белый
6%
Александр Невзоров
5%
Алексей Пивоваров
5%
Владимир Кара-Мурза
5%
Гарри Каспаров
5%
Илья Прусикин
5%
Майкл Наки
5%
Михаил Шац
5%
Семен Слепаков
5%
Андрей Макаревич
4%
Борис Акунин
4%
Дмитрий Быков
4%
Евгений Понасенков
4%
Екатерина Дунцова
4%
Ирина Шихман
4%
Любовь Соболь
4%
Татьяна Лазарева
4%
Алексей Венедиктов
3%
Ася Казанцева
3%
Борис Гребенщиков
3%
Денис Чужой
3%
Евгений Ройзман
3%
Евгений Чичваркин
3%
Илья Новиков
3%
Макс Покровский
3%
Михаил Касьянов
3%
Михаил Светов
3%
Ровшан Аскеров
3%
Христо Грозев
3%
Юлия Латынина
3%
Виктор Шендерович
2%
Дмитрий Муратов
2%
Илья Бер
2%
Кирилл Набутов
1%
No matching quizzes found
Score Distribution
Percent of People with Each Score
Percentile by Number Answered
Your Score History
You have not taken this quiz since the last reset